Visualizzazione normale
Vista MARC
- Victor, Francisco de Paula ,
di Personal Name
Records bibliografici associati: 2
001 - CONTROL NUMBER
- control field: 15656
003 - CONTROL NUMBER IDENTIFIER
- control field: IT-RoINE
005 - DATE AND TIME OF LATEST TRANSACTION
- control field: 20180315064005.0
008 - FIXED-LENGTH DATA ELEMENTS
- fixed length control field: 141218|| aca||aabn | a|a d
040 ## - CATALOGING SOURCE
- Original cataloging agency: IT-RoINE
- Transcribing agency: IT-RoINE
100 1# - HEADING--PERSONAL NAME
- Personal name: Victor, Francisco de Paula ,
- Dates associated with a name: 1827-1905
670 ## - SOURCE DATA FOUND
- Source citation: Work cat.: (IT-RoINE): Beatificationis et canonizationis servi Dei Francisci de Paula Victor sacerdotis diocesani (1827-1905) :, 2011.